Filmy na Literę B - Statystyki

Ogólne statystyki
  • Ten quiz został rozwiązany 68 razy
  • Średni wynik to 6 z 15
Statystyki odpowiedzi
Wskazówka Nazwa
Filmu
% Poprawnych
____ - alter ego milionera Bruce'a Wayne'a, pod osłoną nocy walczącego z przestępczością w kostiumie Człowieka-Nietoperza. Batman
95%
Gdy nauczyciel chemii dowiaduje się, że ma raka, postanawia rozpocząć produkcję metamfetaminy, by finansowo zabezpieczyć swoją rodzinę. Breaking Bad
93%
Film dokumentalny o życiu i dorobku jednego z najpopularniejszych polskich influencerów - Buddy. Budda
50%
Autobot Bumblebee uciekając z Cybertronu dociera na Ziemię, gdzie poznaje nastoletnią Charlie. Bumblebee
50%
_____, dziennikarz kazaskiej telewizji, jedzie do USA, by poznać amerykańską kulturę. Borat
48%
Po blisko pięciu tysiącleciach obdarzony boskimi mocami Black Adam zostaje uwolniony ze swojego ziemskiego grobowca. Black Adam
46%
Młody pilot testowy zostaje bohaterem w kosmosie i dzięki temu dostaje swoją własną zabawkę - Buzza. Buzz Astral
46%
Marcus i Mike, policjanci z wydziału antynarkotykowego, mają trzy dni na odzyskanie skradzionej z depozytu heroiny wartej 100 mln dolarów. Bad Boys
34%
____, pół-wampir, pół-człowiek, walczy z pobratymcami w obronie ludzkiej rasy. Blade
34%
Pięcioro zabójców, znajdujących się w szybkim pociągu jadącym z Tokio do Morioki, odkrywa, że ich zlecenia są ze sobą wzajemnie powiązane. Powstaje pytanie, kto wyjdzie z pociągu żywy i co ich czeka na stacji końcowej. Bullet Train
34%
Chcący zerwać z kryminalną przeszłością młody chłopak, zmuszany do pracy dla bossa mafii, zostaje wrobiony w napad skazany na niepowodzenie. Baby Drive
18%
Po nieudanej próbie ochrony świadka koronnego detektyw Frank Bullitt rozpoczyna poszukiwania człowieka odpowiedzialnego za fiasko akcji. Bullit
9%
Kultowy serial MTV o dwóch nastolatkach, którzy większość wolnego czasu spędzają na rozmowach o dziewczynach, oglądaniu MTV i komentowaniu teledysków. Beavis i But-Head
7%
Policjant odkrywa spisek, który może zniszczyć ludzkość. Blade Runner 2049
2%
Zmarły podczas akcji żołnierz powraca do życia jako ______. Bloodshot
2%
Nie znaleziono quizów pasujących do podanych kryteriów
Rozkład punktacji
Procent ludzi z każdym wynikiem
Percentyl według liczby udzielonych odpowiedzi
Twoja historia wyników
Nie rozwiązałeś tego quizu